000
00296nam a2200121Ia 4500
008
190216s9999||||xx |||||||||||||| ||und||
100
_a
Anniah Gowda
245
4
_a
The Revival Of English Poetic Drama
260
_b
Orient Longman
_c
1972
300
_a
367p
650
_a
English Drama
942
_c
BK
999
_c
12867
_d
12867